000
00274nam a22001097a 4500
082
_a
808.2 HOL'O
100
_a
HOLGKNECHT, KARL J
_9
57848
245
_a
OUTLINES OF TUDOR AND STUART PLAYS 1497-1642
260
_a
NEWYORK
_b
BARNES & NOBLE
_c
1952
300
_a
442P
942
_c
BK
999
_c
568097
_d
568097